One Piece Personnages sur les Couvertures des Tomes - Statistiques

Statistiques générales
  • Ce quiz a été pris 100 fois
    24 depuis la dernière actualisation
  • Le résultat moyen est 258 sur 365
Statistiques - réponses
1er Tome d'Apparition Personnages % Correct
Tome 102 Arber (King)
100%
Tome 10 Arlong
100%
Tome 21 Babe (Mr. 4)
100%
Tome 2 Baggy / Buggy
100%
Tome 49 Bartholomew Kuma
100%
Tome 21 Bentham (Mr. 2 Bon Clay)
100%
Tome 36 Blueno
100%
Tome 58 Borsalino (Kizaru)
100%
Tome 15 Brogy
100%
Tome 2 Cabaji
100%
Tome 67 Caesar Clown / César
100%
Tome 81 Carrot
100%
Tome 19 Chaka
100%
Tome 10 Chew / Smack
100%
Tome 20 Crocodile (Mr. 0)
100%
Tome 21 Daz Bonez (Mr. 1)
100%
Tome 70 Donquixote Doflamingo
100%
Tome 15 Dorry
100%
Tome 45 Edward Newgate (Barbe Blanche)
100%
Tome 30 Enel / Ener
100%
Tome 51 Eustass Kid
100%
Tome 33 Foxy
100%
Tome 35 Franky (Cutty Flam)
100%
Tome 14 Galdino (Mr. 3)
100%
Tome 29 Gan Fall / Gan Forr
100%
Tome 27 Gedatsu
100%
Tome 13 Gem (Mr. 5)
100%
Tome 8 Gyn
100%
Tome 10 Hatchan / Octy
100%
Tome 16 Hiluluk
100%
Tome 13 Igaram (Mr. 8)
100%
Tome 81 Inuarashi
100%
Tome 42 Jabra / Jabura
100%
Tome 4 Jango
100%
Tome 51 Jewelry Bonney
100%
Tome 57 Jozu / Joz
100%
Tome 92 Kaidô
100%
Tome 34 Kaku
100%
Tome 31 Kalgara
100%
Tome 34 Kalifa
100%
Tome 14 Karoo / Kaloo
100%
Tome 5 Kaya
100%
Tome 51 Killer
100%
Tome 35 Kiwi
100%
Tome 38 Kokoro
100%
Tome 19 Koza
100%
Tome 8 Krieg
100%
Tome 4 Kuro
100%
Tome 10 Kuroobi
100%
Tome 58 Kuzan (Aokiji)
100%
Tome 57 Marco
100%
Tome 14 Marianne (Miss Goldenweek)
100%
Tome 25 Marshall D. Teach (Barbe Noire)
100%
Tome 2 Mohji / Morge
100%
Tome 10 Momoo / Meuh-Meuh
100%
Tome 1 Monkey D. Luffy
100%
Tome 31 Montblanc Noland / Norland
100%
Tome 13 Mr. 9
100%
Tome 1 Nami
100%
Tome 19 Nefertari D. Cobra
100%
Tome 13 Nefertari D. Vivi (Miss Wednesday)
100%
Tome 21 Nico Robin (Miss Allsunday)
100%
Tome 27 Ohm
100%
Tome 34 Paulie
100%
Tome 8 Pearl
100%
Tome 81 Pedro
100%
Tome 19 Pell
100%
Tome 18 Portgas D. Ace
100%
Tome 34 Rob Lucci
100%
Tome 1 Roronoa Zoro
100%
Tome 58 Sakazuki (Akainu)
100%
Tome 93 Scien (Queen)
100%
Tome 4 Sham
100%
Tome 25 Shanks
100%
Tome 52 Silvers Rayleigh
100%
Tome 20 Smoker
100%
Tome 42 Spandam
100%
Tome 29 Su / Soo
100%
Tome 16 Tony Tony Chopper
100%
Tome 51 Trafalgar D. Water Law
100%
Tome 51 Urouge
100%
Tome 5 Usopp
100%
Tome 7 Vinsmoke Sanji
100%
Tome 57 Vista
100%
Tome 28 Wyper
100%
Tome 51 X Drake
100%
Tome 47 Absalom
90%
Tome 29 Aisa
90%
Tome 70 Baby 5
90%
Tome 71 Bartolomeo
90%
Tome 51 Basil Hawkins
90%
Tome 24 Bellamy
90%
Tome 97 Black Maria
90%
Tome 53 Boa Hancock
90%
Tome 53 Boa Marigold
90%
Tome 53 Boa Sandersonia
90%
Tome 4 Buchi
90%
Tome 70 Buffalo
90%
Tome 62 Camie / Keimi
90%
Tome 51 Capone Bege
90%
Tome 71 Cavendish
90%
Tome 87 Charlotte Katakuri
90%
Tome 49 Charlotte Lola / Laura
90%
Tome 47 Charlotte Lola / Laura [Zombie]
90%
Tome 17 Chess
90%
Tome 38 Chimney
90%
Tome 71 Chinjao
90%
Tome 29 Conis
90%
Tome 60 Curly Dadan
90%
Tome 77 Diamante
90%
Tome 21 Drophy (Miss Merrychristmas)
90%
Tome 56 Emporio Ivankov
90%
Tome 63 Fisher Tiger
90%
Tome 42 Fukurou / Fukurô
90%
Tome 47 Gecko Moria
90%
Tome 96 Gol D. Roger
90%
Tome 78 Hajrudin
90%
Tome 54 Hannyabal
90%
Tome 65 Hody Jones
90%
Tome 47 Hogback
90%
Tome 34 Icebarg / Iceburg
90%
Tome 56 Inazuma
90%
Tome 75 Issho (Fujitora)
90%
Tome 57 Izou / Izô
90%
Tome 41 Jaguard D. Saul / Haguar D. Sauro
90%
Tome 56 Jinbe
90%
Tome 67 Kinemon
90%
Tome 69 Kôzuki Momonosuke
90%
Tome 42 Kumadori
90%
Tome 91 Kurozumi Tama
90%
Tome 72 Leo
90%
Tome 54 Magellan
90%
Tome 78 Mansherry / Manshelly
90%
Tome 24 Masira
90%
Tome 13 Mikita (Miss Valentine)
90%
Tome 13 Miss Monday
90%
Tome 67 Monet
90%
Tome 60 Monkey D. Dragon
90%
Tome 45 Monkey D. Garp
90%
Tome 81 Nekomamushi
90%
Tome 62 Neptune
90%
Tome 41 Nico Olvia
90%
Tome 5 Ninjin / Carotte
90%
Tome 48 Oars / Oz
90%
Tome 63 Otohime
90%
Tome 97 Page One
90%
Tome 62 Pappag
90%
Tome 66 Pekoms
90%
Tome 47 Perona
90%
Tome 74 Pica
90%
Tome 29 Pierre
90%
Tome 5 Piiman / Piment
90%
Tome 60 Sabo
90%
Tome 71 Sai
90%
Tome 27 Satori
90%
Tome 51 Scratchmen Apoo
90%
Tome 58 Sengoku
90%
Tome 74 Senor Pink
90%
Tome 74 Sugar
90%
Tome 66 Tamago
90%
Tome 5 Tamanegi / Oignon
90%
Tome 66 Tashigi
90%
Tome 74 Trebol
90%
Tome 97 Ulti
90%
Tome 17 Wapol
90%
Tome 97 Who's Who
90%
Tome 21 Zala (Miss Doublefinger)
90%
Tome 40 Bas
80%
Tome 46 Brook
80%
Tome 83 Charlotte Cracker
80%
Tome 83 Charlotte Linlin (Big Mom)
80%
Tome 87 Charlotte Smoothie
80%
Tome 77 Dellinger
80%
Tome 113 Figarland Shamrock
80%
Tome 65 Fukaboshi
80%
Tome 42 Funkfreed
80%
Tome 77 Giolla / Jora
80%
Tome 78 Ideo
80%
Tome 75 Koala
80%
Tome 45 Koby
80%
Tome 17 Kuromarimo
80%
Tome 76 Kurozumi Kanjuro
80%
Tome 72 Kyros
80%
Tome 77 Lao G
80%
Tome 60 Makino
80%
Tome 113 Manmayer Gunko
80%
Tome 13 Miss Friday
80%
Tome 35 Mozu
80%
Tome 29 Nola / Nora
80%
Tome 40 Oimo
80%
Tome 78 Orlumbus
80%
Tome 28 Raki / Laki
80%
Tome 71 Rebecca
80%
Tome 73 Riku Doldo III
80%
Tome 74 Riku Viola (Violette)
80%
Tome 114 Rocks D. Xebec
80%
Tome 97 Sasaki
80%
Tome 110 Shepherd Ju Peter
80%
Tome 63 Shirahoshi
80%
Tome 24 Shoujou / Shôjô
80%
Tome 27 Shura
80%
Tome 84 Vinsmoke Ichiji
80%
Tome 84 Vinsmoke Judge
80%
Tome 84 Vinsmoke Niji
80%
Tome 84 Vinsmoke Reiju
80%
Tome 84 Vinsmoke Yonji
80%
Tome 39 Wanze
80%
Tome 71 Boo
70%
Tome 28 Braham
70%
Tome 83 Charlotte Brûlée
70%
Tome 87 Charlotte Daifuku
70%
Tome 87 Charlotte Oven
70%
Tome 77 Gladius
70%
Tome 33 Hamburg
70%
Tome 110 Jaygarcia Saturn
70%
Tome 71 Jesus Burgess
70%
Tome 114 John
70%
Tome 72 Kabu
70%
Tome 40 Kashii
70%
Tome 40 Kerville
70%
Tome 92 Kôzuki Hiyori
70%
Tome 96 Kôzuki Oden
70%
Tome 21 Lassoo
70%
Tome 110 Marcus Mars
70%
Tome 18 Matsuge / Longs-Cils
70%
Tome 55 Minokoala
70%
Tome 55 Minorhinoceros
70%
Tome 13 Mr. 13
70%
Tome 57 Namur
70%
Tome 39 Nero
70%
Tome 33 Porche
70%
Tome 54 Sadi
70%
Tome 114 Shiki
70%
Tome 109 Stussy
70%
Tome 39 T Bone
70%
Tome 110 Topman Warcury
70%
Tome 80 Tsuru
70%
Tome 108 Vegapunk
70%
Tome 98 Yamato
70%
Tome 98 Ashura Doji
60%
Tome 78 Bian / Bee Anne
60%
Tome 33 Big Pan
60%
Tome 57 Blamenco
60%
Tome 98 Denjiro
60%
Tome 71 Elizabello II
60%
Tome 110 Ethanbaron V. Nusjuro
60%
Tome 114 Gloriosa
60%
Tome 42 Hattori
60%
Tome 45 Helmeppo / Hermep
60%
Tome 28 Kamakiri
60%
Tome 94 Kawamatsu
60%
Tome 114 Kyo
60%
Tome 111 Loki
60%
Tome 77 Machvise
60%
Tome 62 Megalo
60%
Tome 54 Minotaurus / Minotaure
60%
Tome 55 Minozebra / Minozèbre
60%
Sous les Couvertures Pandaman
60%
Tome 94 Raizo
60%
Tome 113 Rimoshifu Killingham / Kiringham
60%
Tome 54 Saldeath
60%
Tome 108 Sentomaru
60%
Tome 62 Surume / Surimi
60%
Tome 65 Zeo
60%
Tome 46 Cerberus / Cerbère
50%
Tome 83 Charlotte Mont-d'Or
50%
Tome 83 Charlotte Opera
50%
Tome 83 Charlotte Perospero
50%
Tome 86 Charlotte Pudding
50%
Tome 25 Chèvre de Sengoku
50%
Tome 57 Curiel
50%
Tome 65 Daruma
50%
Tome 65 Dosun
50%
Tome 79 Gatz
50%
Tome 28 Genbo
50%
Tome 38 Gomorrah / Gomorrhe
50%
Tome 93 Hyougoro / Hyôgoro
50%
Tome 18 Kung-Fu Dugong
50%
Tome 83 Napoleon
50%
Tome 87 Prometheus / Prométhée
50%
Tome 53 Salome
50%
Tome 93 Shimotsuki Yasuie
50%
Tome 38 Sodom
50%
Tome 92 Toko
50%
Tome 34 Tyrannosaurus / Tyrannosaure
50%
Tome 65 Vander Decken IX
50%
Tome 47 Victoria Cindry
50%
Tome 86 Vito
50%
Tome 65 Wadatsumi
50%
Tome 81 Wanda
50%
Tome 87 Zeus
50%
Tome 40 And
40%
Tome 53 Bacura
40%
Tome 71 Dagama
40%
Tome 80 Edward Weevil / Weeble
40%
Tome 112 Gerd
40%
Tome 38 Gonbe
40%
Tome 65 Hyouzou / Hyôzô
40%
Tome 65 Ikaros Much
40%
Tome 94 Kikunojo
40%
Tome 57 Kingdew
40%
Tome 47 Kumashi / Kumacy
40%
Tome 69 Mocha
40%
Tome 62 Nika
40%
Tome 57 Rakuyo
40%
Tome 113 Shepherd Sommers
40%
Tome 32 South Bird
40%
Tome 87 Streusen
40%
Tome 71 Suleiman
40%
Tome 108 Atlas
30%
Tome 83 Charlotte Chiffon
30%
Tome 114 Ochoku
30%
Tome 113 Scopper Gaban
30%
Tome 57 Speed Jiru / Speed Jill
30%
Tome 72 Wicca
30%
Tome 57 Atmos
20%
Tome 81 Black Back (BB)
20%
Tome 57 Blenheim
20%
Tome 54 Blugori / Blue Gorilla
20%
Tome 72 Bomba
20%
Tome 86 Capone Pez / Pets
20%
Tome 33 Capote / Kapoty
20%
Tome 87 Charlotte Compote
20%
Tome 87 Charlotte Galette
20%
Tome 83 Charlotte Praline
20%
Tome 76 Farul
20%
Tome 72 Flapper
20%
Tome 57 Fossa
20%
Tome 114 Ganzui
20%
Tome 112 Goldberg
20%
Tome 86 Gotti
20%
Tome 57 Haruta
20%
Tome 107 Hibari
20%
Tome 62 Ichika
20%
Tome 33 Itomimizu / Tubifex Lombric
20%
Tome 107 Kujaku
20%
Tome 107 Morgans
20%
Tome 33 Pickles
20%
Tome 112 Road
20%
Tome 34 Yagara Bull
20%
Tome 62 Yonka
20%
Tome 62 Yonka Two
20%
Tome 114 Barbel
10%
Tome 80 Buckingham Stussy (Miss Buckin)
10%
Tome 78 Chao
10%
Tome 33 Chuchun / Tweetums
10%
Tome 69 Doran
10%
Tome 81 Giovanni
10%
Tome 62 Hiramera
10%
Tome 78 Inhel
10%
Tome 62 Ishilly
10%
Tome 114 Marlon
10%
Tome 62 Mero
10%
Tome 33 Monda
10%
Tome 25 Oyakata
10%
Tome 107 Prince Grus
10%
Tome 78 Rampo
10%
Tome 62 Sanka
10%
Tome 81 Shishilian / Sicilion
10%
Tome 69 Sind
10%
Tome 112 Stansen
10%
Tome 92 Gama Pyonnosuke
0%
Tome 81 Keith
0%
Tome 81 Roddy
0%
Tome 81 Yomo
0%
Aucun quiz correspondant
Distribution des résultats
% des personnes avec chaque résultat
Percentile par nombre de réponses
Votre historique - résultats
Vous n’avez pas pris ce quiz depuis la dernière actualisation